00937nam a22002417a 450000500170000001000150001702000270003203500130005903700130007208200110008524501550009626000430025127000700029430000230036449000310038750000510041870000160046970000220048570000200050794200250052799900170055295201260056920150417110937.0 aENG-112539 a9789381904619c1599.00 aEN-96071 bDBAD/PUB a327.5100aChallenges to Chinese foreign policy :cedited by Yufan Hao, C.X. George Wei [and] Lowell Dittmerbdiplomacy, globalization and the next world power / aNew DelhibKW Publishersc2013 (repr.) a4676/21, First Floor, Ansari Road, Daryaganj, bNew Delhie110002 avi,377p.c24cm(Hb) aAsia in the new millennium aIncludes bibliographical references and index. aHao, Yufan  aWei, C.X. George  aDittmer, Lowell 2ddccENmCHAh327.51 c92606d92606 001040718NFICaDBADbDBADd2015-03-30eDBAD/PUBg1599.00l0o327.51 CHApEN-96071r2015-03-30 00:00:00t1v1599.00yEN